|
|
|
|
| LEADER |
00000cam a22000004a 4500 |
| 001 |
musev2_69711 |
| 003 |
MdBmJHUP |
| 005 |
20230905051209.0 |
| 006 |
m o d |
| 007 |
cr||||||||nn|n |
| 008 |
191116s2019 mnu o 00 0 eng d |
| 010 |
|
|
|z 2018045734
|
| 020 |
|
|
|a 9781452960371
|
| 020 |
|
|
|z 9781517903145
|
| 035 |
|
|
|a (OCoLC)1055567940
|
| 040 |
|
|
|a MdBmJHUP
|c MdBmJHUP
|
| 100 |
1 |
|
|a Sabatino, Michelangelo.
|
| 245 |
1 |
0 |
|a Avant-Garde in the Cornfields :
|b Architecture, Landscape, and Preservation in New Harmony
|
| 264 |
|
1 |
|a Minneapolis :
|b University of Minnesota Press,
|c 2019.
|
| 264 |
|
3 |
|a Baltimore, Md. :
|b Project MUSE,
|c 2019
|
| 264 |
|
4 |
|c ©2019.
|
| 300 |
|
|
|a 1 online resource (408 pages).
|
| 336 |
|
|
|a text
|b txt
|2 rdacontent
|
| 337 |
|
|
|a computer
|b c
|2 rdamedia
|
| 338 |
|
|
|a online resource
|b cr
|2 rdacarrier
|
| 505 |
0 |
|
|a Jane Blaffer Owen and Kenneth Dale Owen : a family and educational portrait / Nancy Mangum McCaslin -- Patronage and modernism / Stephen Fox -- New Harmony as an evolving commemorative environment / Christine Gorby -- 'The rib cage of the human heart' : Philip Johnson's Roofless Church / Cammie McAtee -- Frederick Kiesler's Grotto : a Promethean spirit in New Harmony / Ben Nicholson with William R. Crout -- The New Harmony gardens of Jane Blaffer Owen / Christine Gorby -- The New Harmony Atheneum : white collage / Ben Nicholson -- Voices in New Harmony. Estranged and reunited : the new being / Paul Tillich -- Reflections on New Harmony / Ralph Grayson Schwarz -- The Jane Blaffer Owen Sanctuary plan (2013) within her vision for New Harmony / Kenneth A. Schuette Jr.
|
| 588 |
|
|
|a Description based on print version record.
|
| 650 |
|
7 |
|a Midcentury modern (Architecture)
|2 fast
|0 (OCoLC)fst01920617
|
| 650 |
|
7 |
|a Cultural property
|x Protection.
|2 fast
|0 (OCoLC)fst00885019
|
| 650 |
|
7 |
|a Cultural landscapes.
|2 fast
|0 (OCoLC)fst01740895
|
| 650 |
|
7 |
|a Buildings.
|2 fast
|0 (OCoLC)fst00840962
|
| 650 |
|
7 |
|a Art patronage.
|2 fast
|0 (OCoLC)fst00815756
|
| 650 |
|
6 |
|a Paysages culturels
|z Indiana
|z New Harmony.
|
| 650 |
|
6 |
|a Mecenat
|z Indiana
|z New Harmony.
|
| 650 |
|
6 |
|a Modernisme du milieu du siecle (Architecture)
|z Indiana
|z New Harmony.
|
| 650 |
|
0 |
|a Cultural property
|x Protection
|z Indiana
|z New Harmony.
|
| 650 |
|
0 |
|a Cultural landscapes
|z Indiana
|z New Harmony.
|
| 650 |
|
0 |
|a Art patronage
|z Indiana
|z New Harmony.
|
| 650 |
|
0 |
|a Midcentury modern (Architecture)
|z Indiana
|z New Harmony.
|
| 651 |
|
7 |
|a Indiana
|z New Harmony.
|2 fast
|0 (OCoLC)fst01208248
|
| 651 |
|
0 |
|a New Harmony (Ind.)
|x Buildings, structures, etc.
|
| 655 |
|
7 |
|a Electronic books.
|2 local
|
| 700 |
1 |
|
|a Nicholson, Ben.
|
| 710 |
2 |
|
|a Project Muse.
|e distributor
|
| 830 |
|
0 |
|a Book collections on Project MUSE.
|
| 856 |
4 |
0 |
|z Texto completo
|u https://projectmuse.uam.elogim.com/book/69711/
|
| 945 |
|
|
|a Project MUSE - Custom Collection
|
| 945 |
|
|
|a Project MUSE - 2019 Complete
|
| 945 |
|
|
|a Project MUSE - 2019 US Regional Studies, Midwest
|